000
00302nam a22000977a 4500
005
20250901165332.0
008
210312b ||||| |||| 00| 0 eng d
050
_a
TK6023
245
_a
A history of engineering and science in the Bell System
_c
FAGEN, M. D.
942
_2
lcc
_h
TK6023 .F34 1975
999
_c
2332
_d
2332